[Event "Linares"]
[Site "10"]
[Date "1992.??.??"]
[Round "12"]
[White "Kasparov, Gary"]
[Black "Salov, Valery"]
[Result "1/2-1/2"]
[WhiteElo "2780"]
[BlackElo "2655"]
[Annotator "JvR"]
[PlyCount "122"]
[EventDate "1992.??.??"]

1. e4 c5 2. Nf3 Nc6 3. d4 cxd4 4. Nxd4 Nf6 5. Nc3 e5 6. Ndb5 d6 7. Bg5 a6 8.
Na3 b5 9. Bxf6 gxf6 10. Nd5 f5 11. Bd3 Be6 12. Qh5 Rg8 13. g3 Rc8 14. c3 Rg6
15. Nc2 Rh6 (15... fxe4 {Black diverts from} 16. Bxe4 {(Klovans-Yurtaev,
Leningrad 1989).}) 16. Qe2 Bxd5 17. exd5 Ne7 18. f3 Bg7 19. Ne3 f4 20. gxf4 Ng6
21. O-O-O Nxf4 22. Qc2 Qb6 23. Nf5 Rg6 24. Be4 b4 25. c4 Kf8 26. Rd2 Rc5 27.
Ng3 Qc7 28. Kb1 $5 Bh6 $2 {Great fun could have started.} (28... Rxc4 29. Rc1
Rxc2 30. Rdxc2 {(Kasparov)} Qa5 31. Bxg6 Nxd5 32. Rc8+ Ke7 33. Be4 Kd7 34. Bf5+
{leads to a perpetual.}) 29. Qb3 Rg7 30. Nf5 Rg6 31. Qxb4 Rxc4 32. Qxc4 Qxc4
33. Rc2 Qxc2+ 34. Kxc2 Rf6 35. Ne3 Ne2 36. Ng4 Nd4+ 37. Kd3 Rf4 38. Nxh6 Kg7
39. Nxf7 $5 Rxf7 40. Rf1 Rb7 41. b3 a5 42. f4 Rb4 43. fxe5 dxe5 44. Rc1 Nb5 45.
Rc6 Kf7 46. Ke3 Ke7 47. Bxh7 $2 ({Better is} 47. Bd3 $1 Nd6 48. Rc7+ Kd8 49.
Rxh7) 47... Rh4 48. Bd3 Nd6 49. Rc7+ Kd8 50. Rh7 Rd4 51. h4 Rg4 $1 52. h5 Rg3+
53. Kd2 Rg2+ 54. Ke1 e4 55. Be2 Nf5 56. Rf7 Nd4 57. Bf1 Rh2 58. Rf4 Nc2+ 59.
Kd1 Ne3+ 60. Ke1 Nc2+ 61. Kd1 Ne3+ {Salov escaped in the endgame.} 1/2-1/2

[Event "Linares"]
[Site "10"]
[Date "1992.??.??"]
[Round "12"]
[White "Timman, Jan"]
[Black "Illescas Cordoba, Miguel"]
[Result "1-0"]
[WhiteElo "2620"]
[BlackElo "2555"]
[Annotator "JvR"]
[PlyCount "89"]
[EventDate "1992.??.??"]

1. Nf3 c5 2. b3 Nc6 3. Bb2 Nf6 4. c4 e6 5. e3 Be7 6. g3 d5 7. Bg2 dxc4 8. bxc4
Qd3 9. Na3 O-O 10. Qb3 Nb4 11. Ne5 Qxb3 12. axb3 Nd7 $5 {Black sacrifices a
pawn for counteraction.} 13. Nxd7 Bxd7 14. Bxb7 Rab8 $6 (14... Nd3+ 15. Ke2
Rab8 16. Kxd3 Rxb7 17. Kc2 Bc6 {keeps the counter-play.}) 15. Be4 $1 f5 16. Bb1
a6 17. Bc3 Bc6 18. O-O Rfd8 19. Nc2 Ra8 20. Bxb4 cxb4 21. Nd4 Bf6 $2 ({Correct
is} 21... Bd7) 22. Nxc6 Bxa1 23. Nxd8 Rxd8 24. Bxf5 $1 exf5 25. Rxa1 Rxd2 26.
Ra4 $1 g5 27. Rxb4 f4 28. exf4 gxf4 29. Kg2 Rd3 30. gxf4 Kf7 31. Rb6 a5 32. f3
Rc3 33. Kg3 a4 34. bxa4 Rxc4 35. a5 Ra4 36. a6 Ra1 37. Kg4 Ra2 38. h4 Ra5 39.
f5 Ra1 40. h5 Ra2 41. Kg5 Rg2+ 42. Kf4 Ra2 43. Ke5 Ra5+ 44. Kd6 Rxf5 45. Kc7 {
Timman trailed Kasparov by one point in the penultimate round. A miracle could
happen in the last round.} 1-0

[Event "Linares"]
[Site "10"]
[Date "1992.??.??"]
[Round "13"]
[White "Ljubojevic, Ljubomir"]
[Black "Kasparov, Gary"]
[Result "0-1"]
[WhiteElo "2610"]
[BlackElo "2780"]
[Annotator "JvR"]
[PlyCount "92"]
[EventDate "1992.??.??"]

1. c4 g6 2. Nc3 Bg7 3. g3 e5 4. Bg2 d6 5. d3 f5 6. e4 Nf6 7. Nge2 O-O 8. h3 c6
9. Be3 Be6 10. Qd2 $2 ({The equality is kept by} 10. Qb3 Qc7 11. exf5 gxf5 12.
O-O-O) 10... fxe4 $1 11. Nxe4 Nxe4 12. Bxe4 d5 $1 13. cxd5 cxd5 14. Bg2 Nc6 15.
O-O Qd7 16. Kh2 d4 17. Bg5 Bd5 $1 18. Be4 Rf7 19. Kg2 Qe6 20. Bxd5 Qxd5+ 21. f3
a5 22. h4 a4 23. Ng1 a3 24. Rfb1 Bf8 25. bxa3 Rxa3 26. Rb2 b5 27. Rab1 b4 28.
Rc2 Rc3 29. Rbb2 Na5 30. Qd1 Nb7 31. Bd2 $2 {White makes the decisive mistake.}
({Right is} 31. Qe2 $1 Nc5 {and now} 32. Bd2 $1 Nxd3 33. Bxc3 bxc3 34. Qxd3
cxb2 35. Rxb2 Ra7) 31... Rxd3 32. Qe2 Rdxf3 $1 33. Nxf3 d3 34. Qe3 dxc2 35.
Rxc2 Nc5 36. Bxb4 Nd3 37. Bd2 Bc5 38. Rxc5 ({The pointe is} 38. Qe2 e4) 38...
Nxc5 39. Bc3 Nd3 40. a4 Rc7 41. Bd2 Nb2 42. Bc3 Nc4 43. Qe2 Rf7 44. a5 e4 45.
Ne1 e3+ 46. Kg1 Nd2 {Kasparov won the tournament two points before the rest.}
0-1

[Event "Linares"]
[Site "11"]
[Date "1993.??.??"]
[Round "1"]
[White "Karpov, Anatoly"]
[Black "Salov, Valery"]
[Result "1-0"]
[WhiteElo "2725"]
[BlackElo "2660"]
[Annotator "JvR"]
[PlyCount "65"]
[EventDate "1993.??.??"]

{We follow the games of Karpov and Kasparov.} 1. d4 Nf6 2. c4 e6 3. Nf3 b6 4.
g3 Bb7 5. Bg2 Be7 6. Nc3 Ne4 7. Bd2 Bf6 8. O-O O-O 9. Rc1 c5 10. d5 exd5 11.
cxd5 Nxd2 12. Nxd2 d6 13. Nde4 Be7 14. f4 Nd7 15. g4 a6 16. a4 Re8 $2 (16... b5
$1 17. axb5 axb5 18. Nxb5 Qb6 19. Nbc3 Ba6 {starts timely counter-play 
(Kiss-Zagrebelny, Gyula 1991).}) 17. g5 Bf8 18. Kh1 $1 b5 $5 19. axb5 axb5 20.
Nxb5 Qb6 21. Nbc3 Qb4 22. Qd3 Nb6 23. Qg3 $1 Kh8 ({The pointe is} 23... Nxd5
24. Nxd5 Bxd5 25. Nf6+ gxf6 26. gxf6+ Kh8 27. Bxd5 {(Karpov).}) 24. Rcd1 Nc4 $6
({Better is} 24... Bc8 25. f5 Re5 {(Karpov), and now} 26. Nf2 $1 c4 27. e4) 25.
b3 $1 Nb6 26. g6 $1 fxg6 27. f5 gxf5 28. Rxf5 Nd7 29. Rdf1 Ne5 30. R5f4 Qb6 31.
Ng5 Ng6 ({Karpov analyses} 31... Be7 32. Nf7+ Nxf7 33. Rxf7 Bf8 34. Be4 Kg8 35.
Bxh7+ $1 Kxh7 36. Rg1) 32. Nf7+ Kg8 33. Qxg6 $1 ({The pointe of the wonderful
queen sacrifice is} 33. Qxg6 hxg6 34. Rh4 {and mate.}) 1-0

[Event "Linares"]
[Site "11"]
[Date "1993.??.??"]
[Round "1"]
[White "Ljubojevic, Ljubomir"]
[Black "Kasparov, Gary"]
[Result "0-1"]
[WhiteElo "2605"]
[BlackElo "2805"]
[Annotator "JvR"]
[PlyCount "58"]
[EventDate "1993.??.??"]

1. d4 Nf6 2. c4 g6 3. Nc3 Bg7 4. e4 d6 5. Be2 O-O 6. Nf3 e5 7. O-O Nc6 8. d5
Ne7 9. Nd2 a5 10. Rb1 Nd7 11. a3 f5 12. b4 Kh8 13. f3 f4 14. Nb3 axb4 15. axb4
g5 16. Bd2 $6 ({Theory is} 16. c5 $1 {(Dokhoian-Loginov, Pavlodar 1987).})
16... Ng6 17. Ra1 Rxa1 18. Qxa1 Nf6 19. Qa7 g4 $1 20. fxg4 Nxg4 21. h3 (21.
Bxg4 $2 Bxg4 22. Qxb7 Nh4 $1 {wins for Black (Kasparov). I continue with} 23.
Be1 Nxg2 24. Kxg2 f3+ 25. Kg1 Qg5 26. Qa7 Bh3+ 27. Bg3 Bxf1 28. Kxf1 f2 $1 29.
Bxf2 Bh6 $1 30. Nd1 Qg4 31. Ke1 Qxe4+) 21... Nh6 22. Be1 Rg8 23. Nd2 Bf6 24.
Kh1 $2 {The king goes in the wrong direction.} ({Kasparov gives} 24. Nf3 $1 Bh4
25. Bf2 Nf7 26. Ra1 {and the king escapes.}) 24... Bh4 25. Nf3 Bxe1 26. Nxe1
Nh4 {Black has a clear target.} 27. Rf2 ({All forces concentrate on the
kingside in} 27. Nd1 $1 Rg3 $1 28. Nf2 Qg8 29. Rg1 Re3 30. Qa2 Qg3 31. Ned3
Bxh3 $1 32. gxh3 Qxh3+ 33. Nxh3 Rxh3#) 27... Qg5 28. Nf3 Nxf3 29. Bxf3 Bxh3 $1
({See} 29... Bxh3 30. Qxb7 Bxg2+ 31. Rxg2 Qh4+ 32. Kg1 Qe1+ 33. Kh2 Rxg2+ $1 {
(Knaak).}) 0-1

[Event "Linares"]
[Site "11"]
[Date "1993.??.??"]
[Round "2"]
[White "Timman, Jan"]
[Black "Karpov, Anatoly"]
[Result "1-0"]
[WhiteElo "2635"]
[BlackElo "2725"]
[Annotator "JvR"]
[PlyCount "70"]
[EventDate "1993.??.??"]

1. Nf3 Nf6 2. c4 e6 3. Nc3 Bb4 4. g3 b6 5. Bg2 Bb7 6. O-O O-O 7. Qc2 Re8 8. Rd1
d6 9. d4 Bxc3 $6 ({Better is} 9... c5) 10. Qxc3 Nbd7 11. b3 a6 $6 {Weak moves
give an advantage to White.} 12. Bb2 b5 13. Rac1 Nb6 14. Ba3 Be4 15. Bf1 bxc4
16. bxc4 Bc6 17. Qa5 Bxf3 18. exf3 d5 19. cxd5 Nfxd5 20. f4 $1 Qd7 21. Rd2 Nf6
22. Bg2 Nbd5 23. Rb2 $1 {An attack on the queenside has developed.} h5 24. Bf3
Rec8 25. Rb7 Qd8 26. Kg2 h4 27. Qa4 $6 (27. Rc6 $1 {increases the pressure.})
27... a5 28. Rc5 Nd7 29. Rc2 N7b6 30. Qb5 Qf6 31. Qd3 Rd8 32. Qe4 Nd7 $2 ({
Right is} 32... Rdb8 33. Rxb8+ Rxb8) 33. f5 $1 {Black has missed a tactical
point.} hxg3 34. hxg3 Nf8 35. Rc6 Nb4 {Karpov lost on time.   Actually, this
round was the first for the K's. They started poorly due to flu.} ({White
could have won by} 35... Nb4 36. Rcxc7 Rxd4 37. Qe2) 1-0

[Event "Linares"]
[Site "11"]
[Date "1993.??.??"]
[Round "3"]
[White "Karpov, Anatoly"]
[Black "Beliavsky, Alexander"]
[Result "1-0"]
[WhiteElo "2725"]
[BlackElo "2610"]
[Annotator "JvR"]
[PlyCount "82"]
[EventDate "1993.??.??"]

1. d4 Nf6 2. c4 e6 3. Nf3 b6 4. g3 Ba6 5. b3 Bb4+ 6. Bd2 Be7 7. Bg2 c6 8. Bc3
d5 9. Ne5 Nfd7 10. Nxd7 Nxd7 11. Nd2 O-O 12. O-O Rc8 13. e4 c5 14. exd5 exd5
15. dxc5 dxc4 16. c6 cxb3 17. Re1 Bb5 18. axb3 Bxc6 19. Bxc6 Rxc6 20. Rxa7 Bf6
21. Nc4 $1 Nc5 $6 ({Better is} 21... Bxc3 22. Rxd7 Qf6 23. Re4 $1 Re6 24. Rf4 {
(Chernin-Veingold, Sevilla 1993)} Qg5 $1) 22. Qxd8 Rxd8 {The exchanges have
led to a poor ending for Black.} 23. Bxf6 Rxf6 $2 ({Black has to accept the
weakening} 23... gxf6 {(Karpov). Play might continue with} 24. Ree7 Nxb3 25.
Ne3 Rf8 {(Dautov).}) 24. b4 $1 Ne6 ({Or} 24... Nb3 25. Rd7 $1) 25. Nxb6 Ng5 26.
Rd7 $1 Nf3+ 27. Kf1 Rb8 28. Red1 Kf8 29. Nd5 Re6 30. Nc7 Rh6 31. h4 g5 $6 32.
hxg5 Nxg5 33. R1d5 $1 Ne4 34. Rd8+ Rxd8 35. Rxd8+ Kg7 ({Or} 35... Ke7 36. Re8+
Kd7 37. Rxe4 Kxc7 38. Rf4 {(Karpov).}) 36. Ne8+ Kg6 37. Kg2 f6 38. Rd7 Rh5 39.
Rg7+ Kh6 40. Re7 f5 (40... Re5 41. Nxf6 $1) 41. Re6+ Kg5 ({Karpov will play} 
41... Kg5 42. f4+ Kg4 43. Rxe4 fxe4 44. Nf6+) 1-0

[Event "Linares"]
[Site "11"]
[Date "1993.??.??"]
[Round "3"]
[White "Kasparov, Gary"]
[Black "Jussupow, Artur"]
[Result "1/2-1/2"]
[WhiteElo "2805"]
[BlackElo "2645"]
[Annotator "JvR"]
[PlyCount "236"]
[EventDate "1993.??.??"]

1. d4 d5 2. c4 e6 3. Nc3 Be7 4. cxd5 exd5 5. Bf4 Nf6 6. e3 Bf5 7. Nge2 O-O 8.
Ng3 Be6 9. Bd3 c5 10. dxc5 Bxc5 11. O-O Nc6 12. Rc1 Bd6 13. Nh5 Be7 $2 (13...
Bxf4 $1 14. Nxf4 d4 15. Nxe6 fxe6 16. exd4 Qxd4 {liberates black's position.})
14. Nb5 Nxh5 15. Qxh5 g6 16. Qf3 Rc8 17. Rfd1 Qd7 18. h3 Rfd8 19. Qg3 Nb4 20.
Nc3 Nxd3 21. Rxd3 Bf5 22. Rd2 Qe6 23. Rcd1 h5 $6 24. h4 ({More direct is} 24.
Rxd5 $2) 24... Rc5 25. f3 Qc6 26. e4 Rxc3 $1 {Black lifts the pressure by
sacrificing the exchange.} 27. bxc3 Qb6+ 28. Kh2 dxe4 29. Rxd8+ Bxd8 30. Be3 $2
(30. Rd5 $1 {(threatens Rxf5)} Kh7 31. fxe4 {wins a pawn, because} Bxe4 $2 32.
Rd7 $1 Qf6 33. Bg5 {fails.}) 30... Qa5 31. Qb8 Qc7+ 32. Qxc7 Bxc7+ 33. Kg1 exf3
34. gxf3 {White has a material plus, but the endgame is hard to win.} b6 35.
Kf2 Kf8 36. Rd4 Ke7 37. Bf4 Bxf4 38. Rxf4 Kd6 39. Ke3 Kc5 40. Rd4 Be6 41. a3 a5
42. Ke4 b5 43. Ke5 a4 $6 {Square b4 is made available for the rook. Black
should have delayed this weakening move.} 44. f4 Kc6 45. Kf6 Kc5 46. Rb4 Bc4 $1
(46... Kc6 $2 47. f5 $1 Bxf5 48. c4 {would open the fortress (Kasparov).}) 47.
Ke7 Be6 48. Re4 Kd5 49. Rd4+ Kc6 50. Kd8 Bf5 51. Ke8 Be6 52. Kf8 Kc5 53. Kg7
Kc6 54. Kg8 Kc5 55. Kf8 Kc6 56. Kg7 Kc5 57. Kh8 Kc6 58. Kh7 Kc5 59. Kh6 Bf5 60.
Kg5 Be6 {White has made aimless moves until the adjournment. Now, Gary gets
time to analyse the adjourned position.} 61. Kf6 Kc6 62. f5 $1 Bxf5 63. Kxf7
Kc5 64. Kf6 Bc2 65. Ke7 Bf5 66. Kd8 Kc6 67. Rf4 Kd6 68. Rb4 Kc5 ({Not} 68...
Kc6 $2 69. c4 $1) 69. Kc7 Bd3 70. Rd4 Be2 71. Kb7 Bf1 72. Ka7 Be2 73. Re4 Bd3
74. Rb4 Bc4 75. Ka6 Kd5 76. Ka5 Ke5 $1 77. Rb1 g5 $2 ({The manouevre} 77... Kf4
$1 78. Rg1 Bd3 79. Kb4 Kf3 80. c4 Bxc4 81. Rxg6 {(Kasparov)} Be2 82. Rg5 Kf2 {
seems to draw.}) 78. hxg5 Kf5 79. Rg1 Kg6 80. Kb4 h4 81. Kc5 h3 82. Kd4 $1 Be6
83. Ke5 Bd7 84. Kf4 $1 Bc6 85. Kg3 Kxg5 86. Rd1 $1 h2 $1 87. Kxh2 Kf4 88. c4 $1
({White makes no progress in} 88. Kg1 $2 Ke3 89. Kf1 Be4 90. Rd8 Bd3+ 91. Ke1
Bc4 {(Kasparov).}) 88... bxc4 89. Rd4+ Ke5 90. Rxc4 {The pawns were placed on
a2 and a3 in the similar ending Timman - Velimirovic, Rio de Janeiro 1979.} Kd5
91. Rb4 Kc5 92. Kg3 Bb5 93. Kf4 Kb6 94. Ke3 Ka5 95. Kd4 Be2 96. Rb1 Bh5 97. Re1
Bf7 98. Kc5 Bb3 99. Re8 Ka6 100. Kc6 Ka7 101. Kb5 Kb7 102. Re7+ $4 {The black
king should remain imprisoned.} ({Correct is} 102. Rd8 $1 Kc7 103. Rd3 Kc8 $1 (
103... Kb7 104. Rc3 $1 Bd1 105. Ka5 Bb3 106. Rc1 Ka7 107. Rc7+ Kb8 108. Kb6 Ba2
109. Rh7 Kc8 110. Rh4 Bb3 111. Rd4 {(Kasparov)}) 104. Rd6 Kc7 105. Rd4 $1 Kb7
106. Rd7+ Kc8 107. Kc6 Bc2 108. Rd4 Bg6 109. Kd6 Be8 110. Rb4) 102... Kc8 103.
Kc6 Kd8 {The game is drawn, according to Chéron.} 104. Rd7+ Ke8 $1 105. Kc7 Bc2
106. Rd2 Bb3 107. Re2+ Kf7 108. Kd6 Bc4 109. Re7+ Kf8 110. Re4 Bb3 111. Kd7 Kf7
112. Rf4+ Kg6 113. Kd6 Kg5 114. Ke5 Kg6 115. Rf3 Kg7 116. Rf6 Bc4 117. Kf5 Bb3
118. Kg5 Bc2 1/2-1/2

[Event "Linares"]
[Site "11"]
[Date "1993.??.??"]
[Round "5"]
[White "Kasparov, Gary"]
[Black "Bareev, Evgeny"]
[Result "1-0"]
[WhiteElo "2805"]
[BlackElo "2670"]
[Annotator "JvR"]
[PlyCount "67"]
[EventDate "1993.??.??"]

1. e4 e5 2. Bc4 Nf6 3. d3 c6 4. Nf3 d5 5. Bb3 a5 $5 6. Nc3 Bb4 7. a3 Bxc3+ 8.
bxc3 Nbd7 9. exd5 Nxd5 10. O-O $1 O-O ({Kasparov dislikes} 10... Nxc3 $6 11.
Qd2) 11. Re1 Re8 12. c4 $1 Ne7 $5 13. Ng5 h6 14. Ne4 a4 15. Ba2 c5 16. Nd6 Rf8
17. c3 Ng6 18. Bb1 Nf6 19. Nxc8 Qxc8 20. Qf3 Re8 21. Bc2 ({White loses a piece
by} 21. Bxh6 $2 Nh4 22. Qg3 Nf5 {(Korchnoi).}) 21... Nh4 22. Qg3 g5 23. d4 Nf5
24. Qh3 e4 25. f3 exf3 $6 ({Better is} 25... cxd4 26. cxd4 $1 Ra6 27. Bb2 Qxc4
28. Rac1 Qd5) 26. Rxe8+ Qxe8 27. Bxg5 $1 ({The champ notices} 27. Qxf5 Qe1#)
27... hxg5 28. Qxf5 Qe3+ 29. Kh1 fxg2+ 30. Kxg2 Qe2+ (30... Ra6 $1 {protects
Nf6 (Korchnoi).}) 31. Kg1 Ng4 $4 {Bareev makes an incredible blunder.} ({
Kasparov analyses} 31... Qg4+ 32. Qxg4 Nxg4 33. Re1 {Then} Kf8 {gives chances
of survival in the endgame.}) 32. Qh7+ Kf8 33. Rf1 f6 34. Bg6 1-0

[Event "Linares"]
[Site "11"]
[Date "1993.??.??"]
[Round "6"]
[White "Karpov, Anatoly"]
[Black "Gelfand, Boris"]
[Result "1-0"]
[WhiteElo "2725"]
[BlackElo "2690"]
[Annotator "JvR"]
[PlyCount "89"]
[EventDate "1993.??.??"]

1. d4 Nf6 2. c4 e6 3. Nf3 d5 4. Nc3 dxc4 5. Qa4+ c6 6. Qxc4 b5 7. Qd3 Bb7 8. e4
b4 9. Na4 Nbd7 10. Bg5 Qa5 11. b3 c5 12. Bxf6 gxf6 13. Be2 $5 (13. d5 O-O-O {
was played in A. Petrosian - Horvath, Siofok 1990.}) 13... O-O-O $6 {The king
will be vulnerable on the queenside.} ({My preference goes to} 13... cxd4 14.
Qxd4 Rd8 15. Rd1 h5) 14. O-O Kb8 15. d5 $1 Nb6 16. Nxb6 Qxb6 17. Rad1 Bh6 18.
Qc4 Rd6 $6 ({More active is} 18... Rhg8 19. Rfe1 Bf4) 19. dxe6 Rxe6 20. Rd5 $1
{White delivers an astonishing positional sacrifice in the centre.} Rhe8 $5 (
20... Bxd5 21. exd5 Re7 22. Rd1 {and Karpov favours White.}) 21. Bd3 Rd8 22.
Rd1 Red6 23. Be2 Bxd5 24. exd5 Qb7 25. Qh4 Bf8 $6 ({More dynamic is} 25... Bg5
26. Qg3 {(Karpov)} Qe7 $1 27. Bc4 Qe4) 26. Bc4 Rxd5 $2 {This counteraction
starts premature.} ({Right is} 26... h6 $1 27. Qe4 {and White threatens Nh4-f5
(Karpov)} f5 $1 28. Qxf5 Bg7 29. Nd2 $6 {and now} Rxd5 $1 30. Bxd5 Qxd5 31.
Qxd5 Rxd5 32. Kf1 Rd6 $1 {Black has a plus.}) 27. Bxd5 Rxd5 28. Re1 Rd8 29.
Qxf6 Qc7 30. g3 Bd6 31. Ng5 Rd7 32. Re8+ Kb7 33. Ne4 $5 Qc6 34. Qf5 Be7 35. Kg2
Rc7 36. Rh8 Qg6 37. Qd5+ Qc6 38. Qxc6+ Kxc6 39. Rxh7 Kd5 40. Nd2 Bf6 41. Nc4
Kd4 42. Rh6 Rc6 43. g4 Re6 44. h4 Kd5 45. g5 1-0

[Event "Linares"]
[Site "11"]
[Date "1993.??.??"]
[Round "7"]
[White "Kasparov, Gary"]
[Black "Timman, Jan"]
[Result "1-0"]
[WhiteElo "2805"]
[BlackElo "2635"]
[Annotator "JvR"]
[PlyCount "105"]
[EventDate "1993.??.??"]

1. d4 Nf6 2. c4 e6 3. Nc3 Bb4 4. Qc2 O-O 5. a3 Bxc3+ 6. Qxc3 b6 7. Bg5 Bb7 8.
f3 d5 9. e3 Nbd7 10. cxd5 exd5 11. Bd3 Re8 12. Ne2 h6 13. Bh4 c5 14. O-O Rc8
15. Qd2 Qe7 16. Bf2 Bc6 $6 ({Preferable is} 16... Nb8 $1 17. Nc3 Nc6) 17. Nc3
Nf8 18. Rfe1 Ne6 19. Bh4 Ng5 20. Bf5 Bd7 21. Bc2 Bc6 22. Rad1 Qe6 23. Qf2 Rcd8
$2 {The rook moves to the wrong square.} 24. h3 $1 {Kasparov threatens to win
a pawn by 25.Bxg5 hxg5 26.Qg3.} Ngh7 25. dxc5 bxc5 26. e4 $1 dxe4 (26... d4 27.
e5 $1 {shows why the rook is on a faulty square.}) 27. Rxd8 Rxd8 28. Qxc5 Ng5
29. Bxg5 hxg5 30. Qxg5 Qc4 31. fxe4 Qd4+ 32. Qe3 Qxe3+ 33. Rxe3 Rd2 34. Re2
Rxe2 35. Nxe2 Nxe4 36. Bxe4 Bxe4 37. Kf2 Kf8 38. g3 Ke7 39. Ke3 Bc6 40. h4 Bd7
41. Kf4 Kd6 42. g4 f6 43. h5 Ke7 44. Nd4 Kf7 45. b4 Ba4 46. Nf5 g6 47. Nd6+ Kg7
48. Nc8 a6 49. Nd6 Bd1 50. Ne8+ Kf7 51. Nxf6 $1 {Kasparov finds an elegant
decision in a won position.} Kxf6 52. g5+ Kf7 53. h6 {The black king is bound
to the kingside. White moves his king to the other flank, exchanges two pawns
for bishop plus pawn and will win the remaining pawn ending.} 1-0

[Event "Linares"]
[Site "11"]
[Date "1993.??.??"]
[Round "8"]
[White "Beliavsky, Alexander"]
[Black "Kasparov, Gary"]
[Result "1/2-1/2"]
[WhiteElo "2610"]
[BlackElo "2805"]
[Annotator "JvR"]
[PlyCount "43"]
[EventDate "1993.??.??"]

1. d4 Nf6 2. c4 g6 3. Nc3 Bg7 4. e4 d6 5. f3 O-O 6. Be3 e5 7. Nge2 c6 8. Qd2
Nbd7 9. O-O-O a6 10. Bh6 Bxh6 11. Qxh6 b5 12. h4 Qa5 13. h5 b4 14. Nb1 Qxa2 15.
Ng3 Nb6 16. c5 Nc4 17. Rd2 Na5 ({Black avoids the error} 17... Nxd2 $2 {in
Beliavsky - Timman, Linares 1991.}) 18. cxd6 $1 ({Kasparov hoped for} 18. Bd3
$2 Nb3+ 19. Kc2 Nxd4+) 18... Nb3+ 19. Kc2 Na1+ 20. Kc1 Nb3+ 21. Kc2 Na1+ 22.
Kc1 1/2-1/2

[Event "Linares"]
[Site "11"]
[Date "1993.??.??"]
[Round "8"]
[White "Karpov, Anatoly"]
[Black "Kamsky, Gata"]
[Result "1-0"]
[WhiteElo "2725"]
[BlackElo "2655"]
[Annotator "JvR"]
[PlyCount "153"]
[EventDate "1993.??.??"]

1. d4 Nf6 2. c4 g6 3. Nc3 Bg7 4. e4 d6 5. f3 O-O 6. Be3 e5 7. Nge2 c6 8. Qd2
Nbd7 9. d5 cxd5 10. cxd5 a6 11. g4 b5 12. Ng3 Nc5 $6 13. b4 Na4 14. Nxa4 bxa4
15. b5 ({An attack on the kingside by} 15. h4 $1 Bd7 16. h5 {(Kristinsson-Lee,
Lugano 1968) is dangerous.}) 15... Bxg4 $6 {Black should exchange pawns.} 16.
fxg4 Nxg4 17. Bg5 $6 ({White attacks on the queenside by} 17. b6 $1 f5 18. exf5
gxf5 {(Karpov)} 19. Bg1 $1) 17... f6 18. h3 fxg5 19. hxg4 Rf3 20. Ne2 axb5 {
Black has counter-play.} 21. Bg2 Rf8 22. Nc1 $2 (22. Rc1 $1 {develops a rook
and controls c8.}) 22... Qc8 23. Rb1 Qxg4 24. Rh3 Rac8 25. Qe2 $1 ({Avoids} 25.
Rxb5 $2 Rxc1+ $1 26. Qxc1 Qxg2 {(Hansen).}) 25... Qd7 26. Rg3 g4 27. Qxg4 Qa7
28. Ne2 Qf2+ 29. Kd1 Bh6 30. Rf3 ({Not} 30. Rxb5 $4 Qf1+ $1 31. Bxf1 Rxf1#)
30... Rxf3 31. Qxc8+ Rf8 32. Qh3 Kg7 33. Rxb5 Rf7 34. Rb8 Bg5 35. a3 Rc7 36.
Rb1 h5 37. Qf3 Rf7 38. Qh3 Bh4 39. Kd2 Rc7 40. Qf3 Qc5 41. Qd3 Bg5+ 42. Ke1 Rf7
43. Kd1 Qf2 44. Qh3 h4 45. Rb8 Rc7 46. Rc8 $2 Rf7 $2 (46... Rb7 $1 {wins 
(Karpov).}) 47. Rc6 $2 Rb7 $1 48. Qf3 Qxf3 $2 {Kamsky misses the win.} (48...
Rb1+ 49. Kc2 Rf1 $3 {(Karpov)} 50. Rc7+ $1 (50. Qg4 Qe3 $1 51. Bxf1 Qb3#) 50...
Kh6 51. Rc3 $1 Rc1+ 52. Kb2 Qb6+ 53. Rb3 Qc7 $1 {Black wins.}) 49. Bxf3 h3 50.
Kc2 h2 51. Ng3 Rf7 52. Rc3 Bh4 53. Nh1 Be1 54. Rd3 Rc7+ 55. Kb2 Rb7+ 56. Kc2
Rc7+ 57. Kb2 Rc4 58. Bg2 Ba5 $2 {Hereafter, Black loses pawn h2.} ({He keeps
the endgame going with} 58... Kf6) 59. Nf2 $1 Bb6 60. Ng4 Bg1 61. Rh3 Rc8 62.
Nxh2 Bxh2 63. Rxh2 Rf8 64. Bh3 $1 {Karpov chooses an elegant solution.} Rb8+
65. Kc3 $1 Rb3+ 66. Kc4 Rxa3 67. Kb5 Re3 68. Kc6 Rxe4 69. Ra2 Re3 70. Bg2 a3
71. Kxd6 Kf6 72. Rf2+ Kg5 73. Ke6 Rb3 74. d6 Rb2 75. Rxb2 axb2 76. Be4 Kf4 77.
Kd5 {Kasparov and Karpov led with 5 1/2 / 8.} 1-0

[Event "Linares"]
[Site "11"]
[Date "1993.??.??"]
[Round "9"]
[White "Kasparov, Gary"]
[Black "Anand, Viswanathan"]
[Result "1-0"]
[WhiteElo "2805"]
[BlackElo "2710"]
[Annotator "JvR"]
[PlyCount "129"]
[EventDate "1993.??.??"]

1. d4 d5 2. c4 c6 3. Nf3 Nf6 4. Nc3 dxc4 5. a4 Bf5 6. e3 e6 7. Bxc4 Bb4 8. O-O
Nbd7 9. Nh4 Bg6 10. h3 O-O 11. Nxg6 hxg6 12. Qc2 Rc8 13. Rd1 Qb6 $6 ({Theory is
} 13... Qe7 {(Portisch-Georgiev, Reggio Emilia 1989).}) 14. e4 c5 15. d5 Ne5
16. Be2 exd5 17. Nxd5 Nxd5 18. Rxd5 Nc6 19. Bc4 Nd4 (19... Ba5 $1 {vacates
square b4 for the knight.}) 20. Qd3 Rcd8 21. Be3 Rxd5 22. Bxd5 Rd8 23. Qc4 {
White has achieved a better position.} Rd7 24. Rc1 Qf6 25. Rd1 Ne6 26. Qb3 a5
27. Rd3 Nf4 $2 {Anand misses a combination.} (27... Re7 {defends well.}) 28. e5
$1 Qf5 ({Kasparov has noticed} 28... Qxe5 29. Bxf7+ $1 Rxf7 30. Rd8+) 29. Bxf4
Qxf4 30. e6 $1 Rd8 31. e7 Re8 32. Rf3 Qc1+ 33. Kh2 Rxe7 34. Bxf7+ Kh7 35. Bxg6+
$1 Kh6 ({The pointe is} 35... Kxg6 36. Qd3+ Kh6 37. Qd6+) 36. Qd5 Qg5 37. Bf5
g6 38. h4 Qf6 39. Bd3 Qe5+ 40. Qxe5 Rxe5 41. Rf6 c4 42. Bxc4 Be7 43. Rb6 Bc5
44. Rf6 Re4 45. Bd3 Rg4 46. Kh3 Be7 47. Re6 Rxh4+ 48. Kg3 Rd4 49. Rxg6+ Kh5 50.
Bf5 Bd6+ 51. Kf3 Bc5 52. g4+ Kh4 53. Rh6+ Kg5 54. Rg6+ Kh4 55. Be4 Rd6 56. Rg7
Rf6+ 57. Bf5 Rb6 58. Rh7+ Kg5 59. Rh5+ Kf6 60. Bd3 Bd4 61. g5+ Kg7 62. Rh7+ Kf8
63. Bc4 Rxb2 64. Rf7+ Ke8 65. g6 1-0